Statistiques concernant Drago Malefoy

Cliquez ici pour prendre le quiz!

Statistiques générales

  • Ce quiz a été pris 185 fois
  • Le résultat moyen est 24 sur 36

Statistiques - réponses

HintRéponse% Correct
Nom completDrago Lucius Malefoy
97%
Son pèreLucius Malefoy
94%
Sa mèreNarcissa Malefoy
94%
Ses ennemisHarry Potter
93%
Sa maison à PoudlardSerpentard
91%
Vincent Crabbe
91%
Ses 2 amis prochesGregory Goyle
90%
Hermione Granger
90%
Ron Weasley
90%
Son elfe de maisonDobby
88%
Acteur de Drago MalefoyTom Felton
87%
Ses tantesBellatrix Lestrange
85%
Son enfantScorpius Malefoy
85%
Poste au QuidditchAttrapeur
84%
SangSang-pur
83%
Le nom de l'animalBuck
77%
Nom de Drago Malefoy en anglaisDraco Malfoy
75%
2 autres personnes de sa bandePansy Parkinson
73%
Où vit-il ?Manoir
72%
Son premier balaiNimbus 2001
70%
Son épouseAstoria Greengrass
68%
Blaise Zabini
66%
Quel animal en 3ème année lui fracasse le bras ?Hippogriffe
61%
Andromeda Tonks
57%
Son numéro de maillot3
56%
Sa date de naissance5 juin 1980
56%
Sa cousineNymphadora Tonks
56%
Par quel sort Drago Malefoy a t-il souffert (sort inventer par le prince de sang mêlé)Sectumsempra
46%
Ses cousinsSirius Black
39%
A sa 5ème année que devient-il ?Préfet
36%
Date de naissance de l'acteur de Drago22 septembre 1987
34%
Regulus Black
33%
Taille de sa baguette25 cm
27%
AffiliationMangemorts
26%
Quel objet utilise t-il dans la Salle sur DemandeL'armoire à disparaître
23%
Le bois de sa baguette et coeur de sa baguetteBois d'aupébine et crin de licorne
2%

Distribution des résultats

Percentile par nombre de réponses

% des personnes avec chaque résultat

Votre développement - résultats

Vous n’avez pas pris ce quiz